[Event "Tournoi francophone 016 Groupe E"]
[Site "Skype"]
[Date "????.??.??"]
[Round "7.3"]
[White "Moumtaz, Abderrahim"]
[Black "Milanese, Serge"]
[Result "*"]
[WhiteElo "1321"]
[BlackElo "1202"]
[PlyCount "58"]

1. d4 Nf6 2. c4 c6 3. Nc3 d5 4. Nf3 e6 5. Bg5 Nbd7 6. e3 Bb4 7. Bd3 Bxc3+ 8.
bxc3 O-O 9. O-O Re8 10. Re1 Qc7 11. Qc2 g6 12. cxd5 exd5 13. e4 dxe4 14. Bxe4
Nxe4 15. Rxe4 Rxe4 16. Qxe4 Nb6 17. Bf4 Qd7 18. Ne5 Qf5 19. Qxf5 Bxf5 20. Rc1
Nd5 21. Bg3 Re8 22. f3 Kg7 23. a3 a5 24. c4 Nb6 25. c5 Nd5 26. Nc4 a4 27. Nd6
Re3 28. Ra1 Rb3 29. Be5+ f6 *

[Event "Tournoi francophone 016 Groupe E"]
[Site "Skype"]
[Date "????.??.??"]
[Round "7.4"]
[White "Gerbaux, Regis"]
[Black "Yepez, German"]
[Result "1/2-1/2"]
[WhiteElo "1062"]
[BlackElo "1180"]
[PlyCount "89"]

1. e4 e5 2. Nf3 Nc6 3. Bc4 d6 4. c3 Be7 5. d4 exd4 6. cxd4 Nf6 7. Ng5 O-O 8.
O-O Bd7 9. Nc3 Be8 10. Be3 h6 11. Nf3 Kh8 12. Qd3 a6 13. Bb3 Qd7 14. Bc2 Nb4
15. Qd2 Ng4 16. a3 Nxe3 17. fxe3 Nxc2 18. Qxc2 f5 19. Rad1 fxe4 20. Qxe4 c6 21.
Nh4 Rxf1+ 22. Rxf1 Kg8 23. Nf5 Bf8 24. d5 c5 25. Qf4 Bf7 26. e4 b5 27. Rf3 b4
28. axb4 cxb4 29. Nd1 Rc8 30. Nf2 Kh7 31. Nd3 a5 32. Nc1 Qa7+ 33. Kh1 a4 34.
Nh4 Bg8 35. Qf5+ g6 36. Qxc8 Bg7 37. Nd3 a3 38. Nxb4 axb2 39. Rf1 Qa1 40. Qc4
b1=Q 41. Kg1 Qa7+ 42. Kh1 Qb2 43. Nc6 Qaf2 44. Rxf2 Qxf2 45. h3 1/2-1/2

[Event "Tournoi francophone 016 Groupe E"]
[Site "Skype"]
[Date "????.??.??"]
[Round "7.5"]
[White "Rivalta, Paolo"]
[Black "Sequeda Pimiento, Javier Ricardo"]
[Result "0-1"]
[WhiteElo "1142"]
[BlackElo "1366"]
[PlyCount "76"]

1. e4 e5 2. Nf3 Nc6 3. Bc4 Nf6 4. Ng5 d5 5. exd5 Nxd5 6. Nxf7 Kxf7 7. Qf3+ Ke6
8. Nc3 Ncb4 9. Bb3 c6 10. a3 Na6 11. Qg4+ Kf7 12. Qf3+ Qf6 13. Bxd5+ cxd5 14.
Qxd5+ Ke7 15. Ne4 Qe6 16. Qb5 Qc6 17. Qxe5+ Qe6 18. Qg5+ Kd7 19. d3 Nc5 20. f3
h6 21. Qg3 Nxe4 22. fxe4 Qf7 23. Rf1 Qe6 24. Bd2 Rg8 25. Rf3 Bd6 26. Qf2 Kc6
27. h3 Bd7 28. c4 Raf8 29. Qxa7 Rxf3 30. gxf3 Bg3+ 31. Ke2 Qxh3 32. Rg1 Qh2+
33. Kd1 Bf2 34. Rg6+ Kc7 35. Ba5+ Kc8 36. c5 Ba4+ 37. b3 Bxb3+ 38. Kc1 Be3+ 0-1

[Event "Tournoi francophone 016 Groupe E"]
[Site "Skype"]
[Date "????.??.??"]
[Round "8.2"]
[White "Yepez, German"]
[Black "Rivalta, Paolo"]
[Result "0-1"]
[WhiteElo "1180"]
[BlackElo "1142"]
[PlyCount "106"]

1. d4 Nf6 2. c4 e6 3. Nf3 Nc6 4. a3 Be7 5. Nc3 O-O 6. h3 d5 7. e3 Ne4 8. Bd3
Nxc3 9. bxc3 Bf6 10. O-O Re8 11. Qc2 g6 12. e4 dxc4 13. Bxc4 e5 14. d5 Ne7 15.
Bh6 Bd7 16. Ng5 a6 17. Nxf7 Kxf7 18. d6+ Be6 19. Bxe6+ Kxe6 20. dxe7 Qxe7 21.
Qb3+ Kd7 22. Qxb7 Qc5 23. Qd5+ Qxd5 24. exd5 Rab8 25. Ra2 e4 26. c4 g5 27. f4
Bd4+ 28. Kh2 gxf4 29. Bxf4 Rf8 30. g3 e3 31. Rd1 Bc5 32. Rd3 Rfe8 33. Re2 Re4
34. Kg2 h5 35. Kf3 Rxc4 36. Bxe3 Bxe3 37. Rdxe3 Rf8+ 38. Kg2 Kd6 39. Re6+ Kxd5
40. Rxa6 h4 41. gxh4 Rxh4 42. Ra5+ c5 43. Rd2+ Kc6 44. Rc2 Rh5 45. Ra6+ Kb5 46.
Ra7 Kb6 47. Ra5 Kxa5 48. Rc4 Rg5+ 49. Kh2 Kb5 50. Rh4 Rfg8 51. a4+ Ka5 52. Rc4
Rg2+ 53. Kh1 Rg1+ 0-1

[Event "Tournoi francophone 016 Groupe E"]
[Site "Skype"]
[Date "????.??.??"]
[Round "8.3"]
[White "Milanese, Serge"]
[Black "Gerbaux, Regis"]
[Result "1-0"]
[WhiteElo "1202"]
[BlackElo "1062"]
[PlyCount "45"]

1. d4 d5 2. Bf4 Bf5 3. e3 e6 4. Bd3 Bxd3 5. Qxd3 Nf6 6. Nf3 Nbd7 7. Nbd2 c5 8.
c3 Rc8 9. O-O g6 10. Ne5 Bg7 11. Ndf3 Ne4 12. Qb5 Rc7 13. Nxf7 Kxf7 14. Bxc7
Qxc7 15. Qe2 Rf8 16. Nd2 Kg8 17. Nxe4 dxe4 18. Qc4 Re8 19. f3 Nf6 20. fxe4 Nxe4
21. Rad1 Kh8 22. d5 Bh6 23. Qxe4 1-0

[Event "Tournoi francophone 016 Groupe E"]
[Site "Skype"]
[Date "????.??.??"]
[Round "8.4"]
[White "Malbec, Robert"]
[Black "Moumtaz, Abderrahim"]
[Result "1-0"]
[WhiteElo "1217"]
[BlackElo "1321"]
[PlyCount "55"]

1. e4 e5 2. Nf3 Nc6 3. Bc4 Bc5 4. c3 Nf6 5. d4 exd4 6. cxd4 Bb4+ 7. Bd2 Bxd2+
8. Nbxd2 d6 9. O-O O-O 10. a3 Qe7 11. Re1 Bg4 12. h3 Bh5 13. g4 Bg6 14. e5 dxe5
15. dxe5 Nd7 16. e6 fxe6 17. Rxe6 Qf7 18. Rxg6 Qxc4 19. Nxc4 hxg6 20. Qxd7 Rad8
21. Qe6+ Kh7 22. Ng5+ Kh8 23. Nf7+ Rxf7 24. Qxf7 Kh7 25. Qxc7 Re8 26. Rd1 Re7
27. Rd7 Rxd7 28. Qxd7 1-0

[Event "Tournoi francophone 016 Groupe E"]
[Site "Skype"]
[Date "????.??.??"]
[Round "8.5"]
[White "Le Bouill, Pierre"]
[Black "Vincent, Andre"]
[Result "1/2-1/2"]
[WhiteElo "1252"]
[BlackElo "1332"]
[PlyCount "73"]

1. Nf3 Nf6 2. b3 d5 3. d4 e6 4. e3 Bd6 5. Be2 O-O 6. O-O Nbd7 7. Bb2 Re8 8. Re1
c6 9. Nbd2 b5 10. Ne5 Qc7 11. Ndf3 a5 12. c4 Bb4 13. Rf1 Be7 14. Rc1 b4 15. c5
Ba6 16. Bxa6 Rxa6 17. Qe2 Raa8 18. h3 Ne4 19. Nxd7 Qxd7 20. Ne5 Qc7 21. Rfd1
Nf6 22. Rf1 g6 23. Rcd1 Reb8 24. f3 Nh5 25. Qf2 f5 26. g4 Ng7 27. Kh1 a4 28.
bxa4 Rxa4 29. Ra1 Rba8 30. gxf5 exf5 31. Qd2 Bf6 32. f4 Ne6 33. Nd3 Rxa2 34.
Rxa2 Rxa2 35. Nxb4 Qa5 36. Rd1 Ra4 37. Nxc6 1/2-1/2

[Event "Tournoi francophone 016 Groupe E"]
[Site "Skype"]
[Date "????.??.??"]
[Round "9.1"]
[White "Vincent, Andre"]
[Black "Ibanez, Bittor"]
[Result "0-1"]
[WhiteElo "1332"]
[BlackElo "1030"]
[PlyCount "46"]

1. Nf3 c5 2. d4 cxd4 3. Nxd4 Nc6 4. e3 e5 5. Nxc6 bxc6 6. Be2 e4 7. c4 Bb4+ 8.
Nd2 d5 9. O-O Nf6 10. Nb3 O-O 11. a3 Bd6 12. c5 Be5 13. Ra2 Qc7 14. g3 a5 15.
a4 Bh3 16. Re1 h6 17. Bd2 Qd7 18. Bc3 Bg4 19. Bxe5 Bxe2 20. Qxe2 Ng4 21. Bf4 g5
22. h4 gxf4 23. Qxg4+ Qxg4 0-1

[Event "Tournoi francophone 016 Groupe E"]
[Site "Skype"]
[Date "????.??.??"]
[Round "9.2"]
[White "Moumtaz, Abderrahim"]
[Black "Le Bouill, Pierre"]
[Result "0-1"]
[WhiteElo "1321"]
[BlackElo "1252"]
[PlyCount "134"]

1. d4 Nf6 2. c4 d5 3. cxd5 Nxd5 4. e4 Nb6 5. Nf3 e6 6. a3 g6 7. Nc3 a6 8. Bd3
Bg7 9. Be3 c6 10. O-O O-O 11. Qc2 N8d7 12. e5 f6 13. a4 fxe5 14. dxe5 Nxe5 15.
Nxe5 Bxe5 16. a5 Nd5 17. Bd2 Qf6 18. Rac1 Bd7 19. b4 Nxb4 20. Ne4 Nxc2 21.
Nxf6+ Rxf6 22. Rxc2 Raf8 23. Bh6 R8f7 24. Be3 Bf4 25. Bd4 e5 26. Be3 Bxe3 27.
fxe3 Rxf1+ 28. Bxf1 Bf5 29. Rb2 Rd7 30. Bc4+ Kg7 31. Kf2 Kf6 32. Ke2 Bg4+ 33.
Kf2 h6 34. h3 Bf5 35. g4 Be6 36. Ke2 Bxc4+ 37. Kf3 g5 38. Rc2 Bd5+ 39. e4 Bb3
40. Rc3 Bd1+ 41. Ke3 Ba4 42. Ra3 Bb5 43. Kf3 Rd3+ 44. Rxd3 Bxd3 45. Ke3 Bf1 46.
Kf3 Bxh3 47. Kg3 Bf1 48. Kf2 Bc4 49. Ke3 Ke6 50. Kd2 Kd6 51. Kc3 Kc5 52. Kb2
Be6 53. Ka3 Bxg4 54. Ka4 Bd1+ 55. Ka3 g4 56. Kb2 g3 57. Kc3 h5 58. Kd2 g2 59.
Kxd1 g1=Q+ 60. Kd2 h4 61. Ke2 h3 62. Kf3 h2 63. Ke2 Qg2+ 64. Kd3 h1=Q 65. Kc3
Qc1+ 66. Kb3 Qgb2+ 67. Ka4 Qb4# 0-1

[Event "Tournoi francophone 016 Groupe E"]
[Site "Skype"]
[Date "????.??.??"]
[Round "9.5"]
[White "Sequeda Pimiento, Javier Ricardo"]
[Black "Yepez, German"]
[Result "1-0"]
[WhiteElo "1366"]
[BlackElo "1180"]
[PlyCount "125"]

1. e4 e6 2. d4 c6 3. c4 d5 4. cxd5 exd5 5. Nc3 dxe4 6. Nxe4 Qe7 7. Qe2 f5 8.
Nc3 Nf6 9. Bg5 Qxe2+ 10. Bxe2 Bb4 11. Nf3 Ne4 12. Rc1 O-O 13. O-O Nf6 14. Ne5
Nbd7 15. Bc4+ Kh8 16. Nf7+ Kg8 17. Nd6+ Kh8 18. Nxf5 g6 19. Nh6 Kg7 20. Rfe1
Nb6 21. Bb3 Ng4 22. Nxg4 Bxg4 23. a3 h6 24. Bxh6+ Kxh6 25. axb4 Rfe8 26. Ne4
Rad8 27. Nf6 Rxe1+ 28. Rxe1 Kg5 29. Nxg4 Kxg4 30. h3+ Kg5 31. Re4 Kf5 32. Bc2
Kf6 33. Rf4+ Kg5 34. Rg4+ Kf6 35. Rxg6+ Kf7 36. Rg4 Nd5 37. Bb3 Kf6 38. Bxd5
Rxd5 39. Kh2 Kf5 40. Kg3 Rb5 41. Rf4+ Kg6 42. Kg4 Rxb4 43. h4 Rxb2 44. h5+ Kg7
45. Rf5 Rb4 46. Rg5+ Kh7 47. Re5 Rxd4+ 48. Kg5 Rd5 49. f4 a5 50. Kg4 a4 51. Re3
Kh6 52. Re6+ Kh7 53. Re7+ Kh6 54. Rxb7 Rb5 55. Ra7 Rb4 56. Ra6 Rc4 57. g3 Kh7
58. Kg5 c5 59. f5 Rb4 60. Ra7+ Kg8 61. h6 c4 62. Kg6 c3 63. Ra8+ 1-0